Statystyki dla Stolice i kraje sąsiadujące z Niemcami

Kliknij tutaj aby rozwiązać quiz!

Ogólne statystyki

  • Ten quiz został rozwiązany 19 razy
  • Średni wynik to 8 z 9

Statystyki odpowiedzi

Hauptstadt% Poprawnych
Bruksela
100%
Paryz
100%
Amsterdam
95%
Warszawa
95%
Berno
89%
Luksemburg
89%
Praga
89%
Kopenhaga
84%
Wiedeń
84%

Rozkład punktacji

Percentyl według liczby udzielonych odpowiedzi

Procent ludzi z każdym wynikiem

Twoja historia wyników

Nie rozwiązałeś tego quizu